|
|
|
|
| LEADER |
01141nab#a2200313#ar4500 |
| 001 |
000063513 |
| 003 |
SVKKK |
| 005 |
19970314xxxxxxx. |
| 008 |
06 c xo huno |
| FMT |
|
|
|
| 038 |
|
|
|a SVKKK
|
| 040 |
|
|
|a SVKKK
|b slo
|e AACR2
|
| 041 |
0 |
|
|a hun
|
| 044 |
|
|
|a xo
|c SK
|
| 080 |
|
|
|a 353:63
|
| 242 |
1 |
0 |
|a Hospodársky spravodajca
|
| 245 |
0 |
0 |
|a Gazdasági tudósitó
|
| 520 |
2 |
|
|a Správa z februára 1910 o tom, že poverením Zemplínskej župy bol Juraj Dezider(György Dezső) Kelemen z Mikovej poverený funkciou (gazdasági tudósitó) hospodársky spravodajca s oblasťou pôsobenia okres Medzilaborce.
|
| 650 |
0 |
4 |
|a spravodajca hospodársky (funkcia) - Medzilaborce-okres (oblasť pôsobenia) - Kelemen, Juraj Dezider (spravodajca) - Miková (HN) - pôsobenie úradné - február 1910 - správy
|
| 773 |
0 |
|
|t Felvidéki Hirlap : Közgazdasági, társadalmi és szépirodalmi hetilap
|g Roč. 3, č. 7 (13.02.1910) s. 2
|
| 957 |
|
|
|a Medzilaborce
|
| 957 |
|
|
|a Miková
|
| 957 |
|
|
|a Mikó pozri Miková
|
| 958 |
|
|
|a DG
|
| 958 |
|
|
|a SK
|
| 974 |
|
|
|a Ba
|d 19970314
|
| 992 |
|
|
|a RBX
|
| BAS |
|
|
|
| 998 |
|
|
|a RETRO
|